तुका म्‍हण भाग २ (Record no. 33859)

MARC details
000 -LEADER
fixed length control field 00439nam a2200169Ia 4500
008 - FIXED-LENGTH DATA ELEMENTS--GENERAL INFORMATION
fixed length control field 220531s9999 xx 000 0 und d
041 ## - LANGUAGE CODE
Language code of text/sound track or separate title mar
100 ## - MAIN ENTRY--PERSONAL NAME
Personal name धोंडगे दि.
9 (RLIN) 59148
245 ## - TITLE STATEMENT
Title तुका म्‍हण भाग २
250 ## - EDITION STATEMENT
Edition statement 1ST
260 ## - PUBLICATION, DISTRIBUTION, ETC. (IMPRINT)
Place of publication, distribution, etc. Shrirampur
Name of publisher, distributor, etc. Shabdalay
Date of publication, distribution, etc. 2013
300 ## - PHYSICAL DESCRIPTION
Extent 792
542 ## - INFORMATION RELATING TO COPYRIGHT STATUS
Copyright holder 24-03-2014
650 ## - SUBJECT ADDED ENTRY--TOPICAL TERM
Topical term or geographic name as entry element Marathi
9 (RLIN) 59149
906 ## - LOCAL DATA ELEMENT F, LDF (RLIN)
d 2013-2014
Holdings
Withdrawn status Lost status Source of classification or shelving scheme Damaged status Not for loan Collection code Home library Current library Date acquired Vendor Cost, normal purchase price Total Checkouts Total Holds Full call number Barcode Date last seen Bill Date Koha item type Original Barcode
    Dewey Decimal Classification       Shri Siddhivinayak Mahila Mahavidyalaya Shri Siddhivinayak Mahila Mahavidyalaya 24/03/2014 Shabdaly 500.00   2 /-/B/14861 SSMM-BK-14861 06/08/2022 06/08/2022 Books 010014861